| 000 | 00361nam a2200133Ia 4500 | ||
|---|---|---|---|
| 005 | 20260326235504.0 | ||
| 008 | 260326s9999||||xx |||||||||||||| ||und|| | ||
| 100 | _aPla Dalmau, José M. | ||
| 245 | 0 |
_aLa Arquitectura Barroca Española y el churrigueresco / _cJosé M. Pla Dalmau |
|
| 260 | _bDulmau Carles | ||
| 300 | _a130 p. | ||
| 650 | _aBARROCO | ||
| 942 | _cBK | ||
| 999 |
_c8130 _d8130 |
||